00451pab a2200157 454500008004000000100002400040245006700064260000900131300001300140362001100153650002800164650002000192700002800212700001900240773003400259180718b2004 xxu||||| |||| 00| 0 eng d aJaime Valenzuela G. aCoordinated management by the "quality of life" board in Chile c2004 ap.64-77. aAutumn aQuality of life - Chile aQuality of life aSanchez, Maria Catalina aReyes, Marcelo aRegional Development Dialogue